Statistics for Geography General Knowledge #10

Click here to take the quiz!

General Stats

  • This quiz has been taken 72,869 times
    (13,362 since last reset)
  • The average score is 12 of 20

Answer Stats

QuestionAnswer% Correct
What country is often described as being shaped like a boot?Italy
99%
What is the most populous country in Africa?Nigeria
80%
What city was capital of Russia until 1918?St. Petersburg
80%
What canal connects the Red and Mediterranean Seas?Suez Canal
80%
What is the largest island in the Mediterranean Sea?Sicily
78%
What is the capital of Wales?Cardiff
73%
What's the world's second-highest mountain?K2
71%
Which two countries have the highest average elevation across their entire territory?Nepal
70%
What musical instrument is considered to be a symbol of Ireland?Harp
65%
In what German state is Munich located?Bavaria
65%
What island country is located in the Persian Gulf?Bahrain
60%
Which two countries have the highest average elevation across their entire territory?Bhutan
56%
What alphabet is used in Russia?Cyrillic
53%
Besides the Caucasus, what mountain range forms the border of Europe and Asia?Ural Mountains
53%
What is the world's biggest freshwater lake by volume?Lake Baikal
44%
What country is also known as Aotearoa?New Zealand
43%
On which river is Montreal located?Saint Lawrence
34%
What is the name of the highest caste in Indian society?Brahmin
33%
What is the largest lake in Central America?Lake Nicaragua
29%
What's the highest mountain that can be seen from Seattle?Mount Rainier
28%

Score Distribution

Percentile by Number Answered

Percent of People with Each Score

Your Score History

You have not taken this quiz since the last reset